000 00710nam a2200193 i 4500
001 45661
003 ES-MaACL
005 20250730025312.0
007 t|
008 030326s1924 fr ||||1| fre d
100 1 _aColomban, Pierre.
_939816
245 1 2 _aL'évolution de la tuberculose pulmonaire chronique dans ses rapports avec la circulation générale et locale
_b: la cure déclive /
_cPierre Colomban ; preface du docteur F. Dumarest.
260 _aParis :
_bMasson,
_c1924 (
_eLyon :
_fImp. Express)
300 _a228 p., 3 lám. ;
_c25 cm.
650 0 7 _aTuberculosis
_2embne
_917658
700 1 _aDumarest, Frédéric (
_d1870-1951)
_945978
852 _aES-MaACL
_jB-12082
999 _c45661
_d45661